Sentence skill : a workbook for writers
| Main Author: | |
|---|---|
| Format: | Book |
| Published: |
New York :
McGraw-Hill ,
1993
|
| Edition: | 5th ed |
| Subjects: |
MARC
| LEADER | 00000cam a2200000 7i4500 | ||
|---|---|---|---|
| 001 | 0000003088 | ||
| 002 | 000003341 | ||
| 005 | 20000330.0 | ||
| 020 | |a 007036396X | ||
| 090 | 0 | 0 | |a 425 |b LAN |
| 100 | 1 | |a Langan, John | |
| 245 | 1 | 0 | |a Sentence skill : |b a workbook for writers |c John Langan |
| 250 | |a 5th ed | ||
| 260 | |a New York : |b McGraw-Hill , |c 1993 | ||
| 300 | |a 507p. ; |c 23cm. | ||
| 650 | 0 | 0 | |a English language |x Usage |
| 999 | |a 036646 |b BUKU |c PINJAMAN |e PERPUSTAKAAN KOMUNITI PETALING JAYA | ||